000 00959nmm a2200289 a 4500
001 ocm000702461
003 TR-IsHL
005 20201028123738.0
008 130902s2007 tu tur
007 cr cn
035 _a702461
_b(N$T)
050 0 4 _aJC571
_b.K37 2007
090 0 4 _aJC571
_b.K37 2007
245 1 0 _aKarikatürlerle insan hakları, yargı, 10 Aralık 2007, Ankara
_h[electronic resource] /
_cTürkiye Barolar Birliği, Nezih Danyal Karikatür Vakfı
260 _aAnkara :
_bTürkiye Barolar Birliği,
_c2007
300 _a74 p.
650 4 _aHukuk
650 4 _aLaw
650 0 _aİnsan Hakları
650 0 _aHuman rights
650 0 _aMedeni haklar
650 0 _aCivil rights
650 7 _aPOLITICAL SCIENCE / Human Rights
_2bisacsh
700 1 _aTürkiye Barolar Birliği
700 1 _aNezih Danyal Karikatür Vakfı
856 4 0 _uhttp://search.ebscohost.com/login.aspx?direct=true&scope=site&db=e011xww&AN=702461
999 _c2575
_d2575